Statistiques concernant Films avec des animaux dans leur titre #1

Cliquez ici pour prendre le quiz!

Statistiques générales

  • Ce quiz a été pris 9 037 fois
    (8 483 depuis la dernière actualisation)
  • Le résultat moyen est 12 sur 24

Statistiques - réponses

Titres% Correct
Un homme et son {chien}
90%
Peau d'{Âne}
87%
Le Silence des {agneaux}
84%
Un {éléphant} ça trompe énormément
79%
Danse avec les {loups}
76%
Les Brigades du {Tigre}
76%
L'Homme qui murmurait à l'oreille des {chevaux}
74%
L'Effet {papillon}
72%
Vol au-dessus d'un nid de {coucou}
61%
Un {singe} en hiver
59%
La {Vache} et le prisonnier
51%
Le {Crocodile} du Botswanga
46%
Un {poisson} nommé Wanda
44%
Des {souris} et des hommes
43%
{Vipère} au poing
43%
Une {hirondelle} a fait le printemps
38%
Le {Mouton} à cinq pattes
36%
Le {Renard} du désert
34%
Le Masque de l'{araignée}
31%
Le {Faucon} maltais
27%
{Gorille} dans la brume
24%
L'Affaire {Pélican}
16%
Les Trois Jours du {Condor}
14%
Quand les {aigles} attaquent
14%

Distribution des résultats

Percentile par nombre de réponses

% des personnes avec chaque résultat

Votre développement - résultats

Vous n’avez pas pris ce quiz depuis la dernière actualisation